|
|
|
แสดงรายละเอียดบรรณานุกรม |
|
|
Brief Record
: Get Marc (ISO 2709)
: E-mail record
: |
|
|
| LEADER 00000nam 2200000uu 4500 | |||
| 001 45704 | |||
| 003 ULIBM | |||
| 008 120913s2553||||th 000 0 tha d | |||
| 020 ^a9789742127985 | |||
| 082 0 ^aFic^bD-O | |||
| 100 0 ^aDickens, Chorles | |||
| 245 00 ^aOliver Twist =^bโอลิเวอร์ ทวิสต์ หนุ่มน้อยหัวใจทระนง/^cChorles Dickens | |||
| 260 ^aกรุงเทพฯ:^bซีเอ็ดยูเคชั่น,^c2553 | |||
| 300 ^a96 หน้า;^bภาพประกอบ;^c14 ซม. : 99 บาท | |||
| 700 0 ^aMary Sebag Montefiore | |||
| 999 ^aกัลยา เตชะ | |||
| คุณยังไม่ได้ล็อกอิน คุณสามารถมีกิจกรรมร่วมกับเว็บไซต์ได้ แต่ต้องล็อกอินก่อน :: |
|
| สถานะ | |||||||||
| 1. | หนังสือ | Fic D-O 2553 Barcode: 78342 | ►หนังสือทั่วไป | On Shelf ขอยืม | |||||
| [แสดง 1/1 รายการ] | |||||||||

BibComment |
| คอมเมนท์ทรัพยากรรายการนี้ |
|
|
ห้องสมุดโรงเรียนสามัคคีวิทยาคม
159 ถ.บรรพปราการ ต.เวียง อ.เมือง จ.เชียงราย 57000
โทร. 053-711018 โทรสาร 053-713003